<?xml version="1.0" encoding="UTF-8"?>
<record
    xmlns:xsi="http://www.w3.org/2001/XMLSchema-instance"
    xsi:schemaLocation="http://www.loc.gov/MARC21/slim http://www.loc.gov/standards/marcxml/schema/MARC21slim.xsd"
    xmlns="http://www.loc.gov/MARC21/slim">

  <leader>00689nam a2200133   4500</leader>
  <datafield tag="082" ind1=" " ind2=" ">
    <subfield code="a">621.381,FLO</subfield>
  </datafield>
  <datafield tag="100" ind1=" " ind2=" ">
    <subfield code="6">Thomas L. Floyd</subfield>
    <subfield code="d">R.P.Jain</subfield>
    <subfield code="9">101458</subfield>
  </datafield>
  <datafield tag="245" ind1=" " ind2=" ">
    <subfield code="a">Digital Fundamentals / Thomas L. Floyd</subfield>
  </datafield>
  <datafield tag="250" ind1=" " ind2=" ">
    <subfield code="a">8th ed</subfield>
  </datafield>
  <datafield tag="260" ind1=" " ind2=" ">
    <subfield code="6">India</subfield>
    <subfield code="a">Pearson Education</subfield>
    <subfield code="b">2005</subfield>
  </datafield>
  <datafield tag="300" ind1=" " ind2=" ">
    <subfield code="a">xiii : 579 p.</subfield>
  </datafield>
  <datafield tag="505" ind1=" " ind2=" ">
    <subfield code="a">Introductory Digital Concepts (Page-1), Number Systems, Operations and Codes (Page-16), Boolean Algebra and Logic Simplification (Page-118), Combinatiomal Logic (Page-172), Flip Flops (Page-266), Counters (Page-304), Shift Registers (Page-354), Memory and Storage (Page-390), Integrated Circuit Technologies (Page-452), Programmable Logic Devices (Page-502).</subfield>
  </datafield>
  <datafield tag="942" ind1=" " ind2=" ">
    <subfield code="2">ddc</subfield>
    <subfield code="c">BK</subfield>
  </datafield>
  <datafield tag="999" ind1=" " ind2=" ">
    <subfield code="c">592047</subfield>
    <subfield code="d">592047</subfield>
  </datafield>
  <datafield tag="952" ind1=" " ind2=" ">
    <subfield code="0">0</subfield>
    <subfield code="1">0</subfield>
    <subfield code="2">ddc</subfield>
    <subfield code="4">0</subfield>
    <subfield code="7">0</subfield>
    <subfield code="a">MCS</subfield>
    <subfield code="b">MCS</subfield>
    <subfield code="c">GEN</subfield>
    <subfield code="d">2022-10-26</subfield>
    <subfield code="l">2</subfield>
    <subfield code="o">621.381,FLO</subfield>
    <subfield code="p">MCS32377</subfield>
    <subfield code="r">2024-04-30</subfield>
    <subfield code="s">2024-04-15</subfield>
    <subfield code="w">2022-10-26</subfield>
    <subfield code="y">BK</subfield>
    <subfield code="z">Almirah No.28, Shelf No.5</subfield>
  </datafield>
</record>
